[Event "Mitropa Cup 22nd"]
[Site "Pula"]
[Date "2003.05.21"]
[Round "5"]
[White "Erdos, Viktor"]
[Black "Schenk, Andreas"]
[Result "1/2-1/2"]
[WhiteElo "2425"]
[BlackElo "2473"]
[PlyCount "53"]
[EventDate "2003.05.17"]
[EventType "team-tourn"]
[EventRounds "9"]
[EventCountry "CRO"]
[Source "ChessBase"]
[SourceDate "2003.07.09"]

1. d4 Nf6 2. c4 e6 3. Nc3 Bb4 4. Qc2 O-O 5. a3 Bxc3+ 6. Qxc3 b6 7. Bg5 Ba6 8.
Qf3 Nc6 9. e3 Bb7 10. Qd1 d6 11. Ne2 h6 12. Bh4 Nb8 13. Nc3 Qe7 14. Bd3 c5 15.
O-O Nbd7 16. Re1 Rfe8 17. d5 Ne5 18. Bf1 Ba6 19. Qa4 Bb7 20. Qd1 Ba6 21. b3 Ng6
22. Bg3 Rad8 23. h3 exd5 24. cxd5 Bxf1 25. Kxf1 Ne4 26. Nxe4 Qxe4 27. f3
1/2-1/2

[Event "Mitropa Cup 22nd"]
[Site "Pula"]
[Date "2003.05.21"]
[Round "5"]
[White "Flumbort, Andras"]
[Black "Naumann, Alexander"]
[Result "1/2-1/2"]
[WhiteElo "2439"]
[BlackElo "2524"]
[PlyCount "86"]
[EventDate "2003.05.17"]
[EventType "team-tourn"]
[EventRounds "9"]
[EventCountry "CRO"]
[Source "ChessBase"]
[SourceDate "2003.07.09"]

1. Nf3 Nf6 2. c4 e6 3. g3 d5 4. d4 dxc4 5. Bg2 Nc6 6. Qa4 Bb4+ 7. Bd2 Bd6 8.
Qxc4 O-O 9. O-O e5 10. dxe5 Nxe5 11. Nxe5 Bxe5 12. Bc3 Qe7 13. Bb4 Qe6 14. Qxe6
Bxe6 15. Bc3 Bxc3 16. Nxc3 c6 17. Rfd1 Rfd8 18. h3 Kf8 19. f4 Ke7 20. Kf2 Rxd1
21. Rxd1 Rd8 22. Rxd8 Kxd8 23. e4 Nd7 24. Ke3 f6 25. b4 Kc7 26. Kd4 b6 27. g4
c5+ 28. bxc5 bxc5+ 29. Kd3 Kb6 30. e5 fxe5 31. f5 Bf7 32. g5 c4+ 33. Ke3 a5 34.
Bf3 Kc7 35. Bd1 Nb6 36. Bf3 Nd7 37. Bd1 Nc5 38. Bc2 Kd6 39. h4 Bh5 40. Bb1 Bg4
41. Bc2 Bh5 42. Bb1 Be8 43. Bc2 Bh5 1/2-1/2

[Event "Mitropa Cup 22nd"]
[Site "Pula"]
[Date "2003.05.21"]
[Round "5"]
[White "Libiszewski, Fabien"]
[Black "Arlandi, Ennio"]
[Result "1-0"]
[WhiteElo "2369"]
[BlackElo "2456"]
[PlyCount "67"]
[EventDate "2003.05.17"]
[EventType "team-tourn"]
[EventRounds "9"]
[EventCountry "CRO"]
[Source "ChessBase"]
[SourceDate "2003.07.09"]

1. e4 c5 2. Nf3 e6 3. d4 cxd4 4. Nxd4 Nf6 5. Nc3 d6 6. Be3 a6 7. f3 Nbd7 8. Qd2
b5 9. g4 h6 10. O-O-O Bb7 11. h4 b4 12. Na4 Qa5 13. b3 Nc5 14. a3 Nxa4 15. axb4
Qc7 16. bxa4 d5 17. e5 Nd7 18. f4 Nb6 19. Rh3 Nxa4 20. Bf2 Rc8 21. Be1 h5 22.
f5 hxg4 23. Ra3 Nb6 24. fxe6 Nc4 25. Bxc4 dxc4 26. exf7+ Kxf7 27. Qg5 Kg8 28.
Nf5 Re8 29. Re3 Bf3 30. Rd6 Rh7 31. Bc3 Qb8 32. Rg6 Qd8 33. Qxd8 Rxd8 34. e6
1-0

[Event "Mitropa Cup 22nd"]
[Site "Pula"]
[Date "2003.05.21"]
[Round "5"]
[White "Loetscher, Roland"]
[Black "Laznicka, Viktor"]
[Result "0-1"]
[WhiteElo "2378"]
[BlackElo "2438"]
[PlyCount "86"]
[EventDate "2003.05.17"]
[EventType "team-tourn"]
[EventRounds "9"]
[EventCountry "CRO"]
[Source "ChessBase"]
[SourceDate "2003.07.09"]

1. d4 Nf6 2. c4 e6 3. g3 Nc6 4. Nf3 Bb4+ 5. Bd2 Qe7 6. Nc3 Bxc3 7. Bxc3 Ne4 8.
Rc1 O-O 9. Bg2 d6 10. d5 Nxc3 11. Rxc3 Nb8 12. O-O a5 13. dxe6 fxe6 14. Nd4 Na6
15. Qd2 e5 16. Nc2 Nc5 17. b3 Be6 18. a3 Qd7 19. f4 exf4 20. gxf4 Rae8 21. e4
b5 22. cxb5 Nxb3 23. Qe2 a4 24. Rf2 Kh8 25. Qh5 Bf7 26. Qh4 Nc5 27. f5 Qxb5 28.
e5 Rxe5 29. Rh3 Bg8 30. f6 gxf6 31. Rxf6 Qe8 32. Qh6 Nd7 33. Rff3 Rxf3 34. Rxf3
Qg6 35. Qxg6 hxg6 36. Nd4 Kg7 37. Bf1 Bd5 38. Rg3 Be4 39. Nb5 Rc5 40. Re3 Nf6
41. Be2 d5 42. Nd4 Rc1+ 43. Kf2 Kf7 0-1

[Event "Mitropa Cup 22nd"]
[Site "Pula"]
[Date "2003.05.21"]
[Round "5"]
[White "Navara, David"]
[Black "Gallagher, Joseph G"]
[Result "1-0"]
[WhiteElo "2576"]
[BlackElo "2515"]
[PlyCount "99"]
[EventDate "2003.05.17"]
[EventType "team-tourn"]
[EventRounds "9"]
[EventCountry "CRO"]
[Source "ChessBase"]
[SourceDate "2003.07.09"]

1. e4 c5 2. Nf3 d6 3. d4 cxd4 4. Nxd4 Nf6 5. Nc3 a6 6. Be2 e5 7. Nb3 Be7 8. Bg5
Be6 9. Bxf6 Bxf6 10. Qd3 Be7 11. Nd5 Bxd5 12. Qxd5 Qc7 13. Bc4 O-O 14. c3 Nd7
15. Qd3 Nc5 16. Nxc5 dxc5 17. Bd5 Rad8 18. a4 a5 19. O-O-O Rd6 20. Qb5 Rb6 21.
Qe2 Kh8 22. Rd3 Qd7 23. Qd1 Rd6 24. Qb3 f5 25. Rhd1 b6 26. f3 Rb8 27. Bc4 fxe4
28. Rxd6 Bxd6 29. fxe4 Qe7 30. Qb5 Qc7 31. Kc2 Rf8 32. Kb3 g6 33. Be6 Kg7 34.
Qd3 Rd8 35. Rf1 Rf8 36. Rd1 Rd8 37. Rf1 Rf8 38. Rxf8 Kxf8 39. Kc4 Ke7 40. Qd5
Kf6 41. Kb5 c4 42. Qxc4 Qe7 43. Kxb6 Qd8+ 44. Kc6 Ke7 45. Bd5 Qb8 46. Qb3 Qc7+
47. Kb5 Bc5 48. Bg8 Kd8 49. Qd5+ Bd6 50. Qc6 1-0

[Event "Mitropa Cup 22nd"]
[Site "Pula"]
[Date "2003.05.21"]
[Round "5"]
[White "Pavasovic, Dusko"]
[Black "Likavsky, Tomas"]
[Result "1-0"]
[WhiteElo "2584"]
[BlackElo "2453"]
[PlyCount "83"]
[EventDate "2003.05.17"]
[EventType "team-tourn"]
[EventRounds "9"]
[EventCountry "CRO"]
[Source "ChessBase"]
[SourceDate "2003.07.09"]

1. e4 c5 2. c3 d5 3. exd5 Qxd5 4. d4 Nf6 5. Nf3 Bg4 6. dxc5 Qxd1+ 7. Kxd1 e5 8.
b4 Nc6 9. Kc2 a5 10. Bb5 Nd7 11. Re1 f6 12. Bxc6 bxc6 13. Nbd2 Kf7 14. a3 g5
15. Bb2 Be7 16. Rad1 Rhb8 17. Ne4 Bf5 18. Re3 Bf8 19. Nfd2 g4 20. Nc4 Ke6 21.
f3 gxf3 22. gxf3 axb4 23. cxb4 Be7 24. Red3 Ra7 25. Bc1 Rg8 26. Kb3 Bxe4 27.
fxe4 Bxc5 28. Na5 Rc7 29. Rc3 Ra8 30. Rxd7 Rxd7 31. Rxc5 Rd3+ 32. Kc2 Rh3 33.
Rxc6+ Kf7 34. Rc7+ Ke6 35. Rc6+ Kf7 36. Rc7+ Ke6 37. Nc4 Rxh2+ 38. Bd2 Rh8 39.
b5 h5 40. b6 Rg2 41. Ne3 Rgg8 42. Nf5 1-0

[Event "Mitropa Cup 22nd"]
[Site "Pula"]
[Date "2003.05.21"]
[Round "5"]
[White "Scalcione, Michelangelo"]
[Black "Cornette, Matthieu"]
[Result "1-0"]
[WhiteElo "2366"]
[BlackElo "2325"]
[PlyCount "81"]
[EventDate "2003.05.17"]
[EventType "team-tourn"]
[EventRounds "9"]
[EventCountry "CRO"]
[Source "ChessBase"]
[SourceDate "2003.07.09"]

1. Nf3 d5 2. d4 c6 3. c4 e6 4. Qc2 dxc4 5. Qxc4 Nf6 6. g3 b5 7. Qc2 Bb7 8. Bg2
Nbd7 9. O-O Be7 10. a4 a6 11. Rd1 Qb6 12. Nc3 Rc8 13. e4 b4 14. a5 Qa7 15. e5
bxc3 16. exf6 Bxf6 17. Ne5 Nxe5 18. dxe5 Bxe5 19. Be3 Qa8 20. Bc5 cxb2 21. Rab1
Rd8 22. Re1 Bf6 23. Rxb2 Bxb2 24. Qxb2 Rg8 25. Rb1 Rd7 26. Qe5 Qc8 27. h4 h6
28. Rb6 Qc7 29. Qe4 g6 30. Qe3 g5 31. h5 e5 32. Rxb7 Qxb7 33. Qxe5+ Kd8 34.
Bb6+ Kc8 35. Bh3 c5 36. Qxc5+ Kb8 37. Bg2 Rd1+ 38. Kh2 Qd7 39. Qb4 Kc8 40. Qc4+
Kb8 41. Qxa6 1-0

[Event "Mitropa Cup 22nd"]
[Site "Pula"]
[Date "2003.05.21"]
[Round "5"]
[White "Sedina, Elena"]
[Black "Gozzoli, Yannick"]
[Result "1/2-1/2"]
[WhiteElo "2434"]
[BlackElo "2431"]
[PlyCount "32"]
[EventDate "2003.05.17"]
[EventType "team-tourn"]
[EventRounds "9"]
[EventCountry "CRO"]
[Source "ChessBase"]
[SourceDate "2003.07.09"]

1. e4 Nf6 2. e5 Nd5 3. d4 d6 4. c4 Nb6 5. exd6 exd6 6. Nc3 g6 7. Be3 Bg7 8. Rc1
O-O 9. b3 a5 10. Be2 a4 11. d5 axb3 12. axb3 Na6 13. Nf3 Bg4 14. Nd4 Bxe2 15.
Ndxe2 Nd7 16. O-O Ndc5 1/2-1/2

[Event "Mitropa Cup 22nd"]
[Site "Pula"]
[Date "2003.05.21"]
[Round "5"]
[White "Simacek, Pavel"]
[Black "Moor, Roger"]
[Result "1/2-1/2"]
[WhiteElo "2417"]
[BlackElo "2405"]
[PlyCount "105"]
[EventDate "2003.05.17"]
[EventType "team-tourn"]
[EventRounds "9"]
[EventCountry "CRO"]
[Source "ChessBase"]
[SourceDate "2003.07.09"]

1. e4 c5 2. Nf3 e6 3. d4 cxd4 4. Nxd4 a6 5. Nc3 Nc6 6. g3 Nxd4 7. Qxd4 Ne7 8.
Bf4 Nc6 9. Qd2 b5 10. Bg2 Bb7 11. Rd1 Rc8 12. Ne2 Be7 13. O-O Na5 14. b3 O-O
15. c3 Bc6 16. Qe3 f6 17. Bd6 Bxd6 18. Rxd6 Qc7 19. Rfd1 Nb7 20. R6d2 Nd8 21.
e5 Rf7 22. exf6 gxf6 23. Bxc6 Nxc6 24. Rd6 Qb7 25. Qe4 Rc7 26. Nd4 f5 27. Qf3
Nxd4 28. Qxb7 Rxb7 29. R1xd4 Ra7 30. Kf1 Kf8 31. Ke2 Ke7 32. Rb6 Rf8 33. Rh4
Rf7 34. a4 Rc7 35. axb5 axb5 36. Kd3 Rc5 37. Rb4 f4 38. g4 h5 39. h3 hxg4 40.
hxg4 Rg5 41. f3 Re5 42. Kd2 Rd5+ 43. Rd4 Rc5 44. Rbd6 Rc7 45. Rb6 Rc5 46. b4
Re5 47. Rbd6 Kd8 48. c4 Re3 49. cxb5 Rxf3 50. Rxe6 Rg3 51. b6 Kc8 52. Red6 Rxg4
53. b7+ 1/2-1/2

[Event "Mitropa Cup 22nd"]
[Site "Pula"]
[Date "2003.05.21"]
[Round "5"]
[White "Wirig, Anthony"]
[Black "Borgo, Giulio"]
[Result "1-0"]
[WhiteElo "2347"]
[BlackElo "2425"]
[PlyCount "108"]
[EventDate "2003.05.17"]
[EventType "team-tourn"]
[EventRounds "9"]
[EventCountry "CRO"]
[Source "ChessBase"]
[SourceDate "2003.07.09"]

1. c4 Nf6 2. g3 c6 3. Bg2 d5 4. Nf3 e6 5. b3 Nbd7 6. Bb2 b5 7. O-O Be7 8. d3
Rb8 9. Qc2 Qb6 10. Nbd2 O-O 11. e4 Rd8 12. Rfe1 a5 13. exd5 cxd5 14. cxb5 a4
15. bxa4 Ra8 16. Rec1 Bb7 17. d4 Ne8 18. Bc3 Rdc8 19. Qb3 Nd6 20. Bb4 Rcb8 21.
Bf1 Qd8 22. a5 Nc4 23. Bxe7 Qxe7 24. a6 Bxa6 25. a4 Na5 26. Qa3 Qxa3 27. Rxa3
Bc8 28. Rc7 f6 29. Ne1 Kf8 30. Nc2 Ke7 31. Nb4 Kd6 32. Rc1 Bb7 33. Nd3 Nb6 34.
Nc5 e5 35. Nxb7+ Rxb7 36. dxe5+ fxe5 37. f3 g5 38. Kf2 g4 39. fxg4 e4 40. Ke3
Ke5 41. Rc5 Rf7 42. Bg2 Rc8 43. Rac3 Rxc5 44. Rxc5 Nxa4 45. Rc8 d4+ 46. Ke2
Nc3+ 47. Ke1 Re7 48. b6 Kd6 49. Rc7 Re8 50. Ra7 Nc6 51. Rxh7 Nb4 52. Nxe4+ Nxe4
53. Bxe4 Rxe4+ 54. Kd2 Re5 1-0

[Event "Mitropa Cup 22nd"]
[Site "Pula"]
[Date "2003.05.21"]
[Round "5"]
[White "Zelcic, Robert"]
[Black "Kuba, Guenter"]
[Result "1-0"]
[WhiteElo "2540"]
[BlackElo "2307"]
[PlyCount "81"]
[EventDate "2003.05.17"]
[EventType "team-tourn"]
[EventRounds "9"]
[EventCountry "CRO"]
[Source "ChessBase"]
[SourceDate "2003.07.09"]

1. e4 e5 2. Nf3 Nc6 3. d4 exd4 4. Nxd4 Bc5 5. Be3 Qf6 6. Nb5 Bxe3 7. fxe3 Qd8
8. Qg4 g6 9. Qf4 d6 10. Bc4 Ne5 11. O-O Qd7 12. N1a3 a6 13. Nd4 Qe7 14. Nf3
Nxc4 15. Nxc4 Be6 16. e5 dxe5 17. Ncxe5 O-O-O 18. Nd4 f6 19. Nec6 bxc6 20. Nxc6
Qc5 21. Nxd8 Kxd8 22. Rad1+ Ke7 23. Rd3 g5 24. Qf3 Qe5 25. Qa8 Bd7 26. Rfd1 Be8
27. Rc3 Kf7 28. Qxa6 c6 29. Qc4+ Kg7 30. Qd4 Qe6 31. a4 Ne7 32. Qd6 Qxd6 33.
Rxd6 Nd5 34. Rb3 Bf7 35. Rb7 Kg6 36. e4 Ne3 37. e5 Bd5 38. Rxf6+ Kh5 39. a5
Nxg2 40. a6 Ne1 41. a7 1-0

[Event "Mitropa Cup 22nd"]
[Site "Pula"]
[Date "2003.05.21"]
[Round "5"]
[White "Zueger, Beat"]
[Black "Neuman, Petr"]
[Result "1/2-1/2"]
[WhiteElo "2448"]
[BlackElo "2445"]
[PlyCount "32"]
[EventDate "2003.05.17"]
[EventType "team-tourn"]
[EventRounds "9"]
[EventCountry "CRO"]
[Source "ChessBase"]
[SourceDate "2003.07.09"]

1. g3 g6 2. Bg2 Bg7 3. c4 Nf6 4. Nc3 O-O 5. d3 c5 6. Rb1 Nc6 7. a3 a5 8. Bd2 d6
9. Nf3 Bd7 10. O-O Ne8 11. Ne1 Nc7 12. Nc2 Na6 13. Nb5 Rb8 14. Bc3 Nc7 15. Bxg7
Kxg7 16. Nxc7 Qxc7 1/2-1/2

[Event "Mitropa Cup 22nd"]
[Site "Pula"]
[Date "2003.05.22"]
[Round "6"]
[White "Arlandi, Ennio"]
[Black "Buhmann, Rainer"]
[Result "0-1"]
[WhiteElo "2456"]
[BlackElo "2526"]
[PlyCount "90"]
[EventDate "2003.05.17"]
[EventType "team-tourn"]
[EventRounds "9"]
[EventCountry "CRO"]
[Source "ChessBase"]
[SourceDate "2003.07.09"]

1. d4 e6 2. c4 Bb4+ 3. Bd2 a5 4. e4 d5 5. cxd5 exd5 6. e5 Ne7 7. Nc3 O-O 8. a3
Bxc3 9. bxc3 c5 10. h3 Nbc6 11. Nf3 Bf5 12. Be2 Be4 13. Bg5 h6 14. Bxe7 Qxe7
15. O-O f6 16. exf6 Rxf6 17. Nh2 Rf4 18. g3 Rf7 19. Qd2 Raf8 20. f4 Qd6 21. Ng4
cxd4 22. cxd4 g5 23. Ne5 Rg7 24. Kh2 gxf4 25. Rxf4 Nxe5 26. dxe5 Qxe5 27. Rxf8+
Kxf8 28. Rf1+ Kg8 29. Qe3 Rg5 30. h4 Rf5 31. Rxf5 Qxf5 32. Qb6 Qf8 33. Bh5 Qc8
34. Kg1 Kg7 35. Qxa5 Qc2 36. Kf1 Qg2+ 37. Ke1 Qxg3+ 38. Kd2 Qd3+ 39. Ke1 Qg3+
40. Ke2 Qe5 41. Bf3 Qb2+ 42. Ke1 Qc1+ 43. Bd1 Bf3 44. Kf2 Bxd1 45. Qxd5 Qf4+
0-1

[Event "Mitropa Cup 22nd"]
[Site "Pula"]
[Date "2003.05.22"]
[Round "6"]
[White "Balogh, Csaba"]
[Black "Simacek, Pavel"]
[Result "1-0"]
[WhiteElo "2471"]
[BlackElo "2417"]
[PlyCount "105"]
[EventDate "2003.05.17"]
[EventType "team-tourn"]
[EventRounds "9"]
[EventCountry "CRO"]
[Source "ChessBase"]
[SourceDate "2003.07.09"]

1. e4 e5 2. Nf3 Nc6 3. Bb5 a6 4. Bxc6 dxc6 5. O-O f6 6. d4 Bg4 7. dxe5 Qxd1 8.
Rxd1 fxe5 9. Nbd2 O-O-O 10. Re1 Re8 11. h3 Bh5 12. g4 Bg6 13. Nh4 Bf7 14. Ndf3
Nf6 15. Bd2 h5 16. g5 Nd7 17. g6 Be6 18. Ng5 Bc5 19. Nf5 Bxf5 20. exf5 Rhf8 21.
Nf7 Be7 22. Bc3 Bf6 23. Re4 Nc5 24. Rc4 b6 25. Re1 Nb7 26. f4 Nd6 27. Nxd6+
cxd6 28. Rxc6+ Kd7 29. Rxb6 Bd8 30. Rb7+ Kc6 31. Rxg7 Rxf5 32. Rf7 Bb6+ 33. Kg2
Rxf7 34. gxf7 Rf8 35. fxe5 Rxf7 36. e6 Re7 37. Bf6 Re8 38. e7 Ba5 39. Re2 Rg8+
40. Kf3 Kd7 41. e8=Q+ Rxe8 42. Rxe8 Kxe8 43. Ke4 Kf7 44. Kf5 Be1 45. Bd4 Bh4
46. Be3 Bf6 47. c3 Bg7 48. Bd4 Bh6 49. b4 Bd2 50. a4 Be1 51. b5 axb5 52. a5 b4
53. cxb4 1-0

[Event "Mitropa Cup 22nd"]
[Site "Pula"]
[Date "2003.05.22"]
[Round "6"]
[White "Borgo, Giulio"]
[Black "Doettling, Fabian"]
[Result "1/2-1/2"]
[WhiteElo "2425"]
[BlackElo "2520"]
[PlyCount "67"]
[EventDate "2003.05.17"]
[EventType "team-tourn"]
[EventRounds "9"]
[EventCountry "CRO"]
[Source "ChessBase"]
[SourceDate "2003.07.09"]

1. e4 c6 2. d4 d5 3. exd5 cxd5 4. Bd3 Nc6 5. c3 Nf6 6. h3 g6 7. Bg5 Bg7 8. Ne2
Ne4 9. Bf4 Bf5 10. g4 Be6 11. Nd2 Nxd2 12. Qxd2 h5 13. Rg1 hxg4 14. hxg4 Qa5
15. Nc1 Qb6 16. Nb3 O-O-O 17. O-O-O Bd7 18. Qe2 Rhe8 19. Qf3 Rf8 20. Rde1 Be8
21. Rh1 Rh8 22. Rxh8 Bxh8 23. Qh3 Bd7 24. Qf3 e5 25. dxe5 Be6 26. Qe2 d4 27.
Bc4 Bxc4 28. Qxc4 dxc3 29. Bg3 Qb4 30. Qxc3 Qxg4 31. Na5 Qd4 32. Nxc6 Qxc3+ 33.
bxc3 bxc6 34. e6 1/2-1/2

[Event "Mitropa Cup 22nd"]
[Site "Pula"]
[Date "2003.05.22"]
[Round "6"]
[White "Fuchs, Georg"]
[Black "Borisek, Jure"]
[Result "0-1"]
[WhiteElo "2244"]
[BlackElo "2422"]
[PlyCount "80"]
[EventDate "2003.05.17"]
[EventType "team-tourn"]
[EventRounds "9"]
[EventCountry "CRO"]
[Source "ChessBase"]
[SourceDate "2003.07.09"]

1. e4 c5 2. Nf3 d6 3. d4 cxd4 4. Nxd4 Nf6 5. Nc3 a6 6. Be2 e6 7. O-O Be7 8. Be3
Qc7 9. f4 O-O 10. Bf3 Nc6 11. Nb3 b5 12. a4 b4 13. Ne2 Bb7 14. a5 Rac8 15. Bb6
Qb8 16. Qd3 Qa8 17. Ng3 Nb8 18. Ra4 d5 19. e5 Nfd7 20. Re1 Nxb6 21. axb6 Nd7
22. f5 Kh8 23. f6 gxf6 24. exf6 Nxf6 25. Qd4 Qb8 26. Rxb4 e5 27. Rxe5 Bxb4 28.
Rh5 Qd6 29. Rxh7+ Kg8 30. Rg7+ Kxg7 31. Nf5+ Kg6 32. Nxd6 Bxd6 33. Kf1 Rfe8 34.
g4 Ne4 35. Na5 Rxc2 36. Qd3 Rf2+ 37. Kg1 Bxh2+ 38. Kh1 Kg7 39. Bxe4 Rxe4 40.
Qc3+ d4 0-1

[Event "Mitropa Cup 22nd"]
[Site "Pula"]
[Date "2003.05.22"]
[Round "6"]
[White "Gozzoli, Yannick"]
[Black "Stevic, Hrvoje"]
[Result "1/2-1/2"]
[WhiteElo "2431"]
[BlackElo "2550"]
[PlyCount "26"]
[EventDate "2003.05.17"]
[EventType "team-tourn"]
[EventRounds "9"]
[EventCountry "CRO"]
[Source "ChessBase"]
[SourceDate "2003.07.09"]

1. d4 d5 2. Nf3 Nf6 3. c4 dxc4 4. Nc3 a6 5. e4 b5 6. e5 Nd5 7. a4 e6 8. axb5
Nb6 9. Be3 Bb7 10. bxa6 Rxa6 11. Rxa6 Nxa6 12. Bxc4 Nxc4 13. Qa4+ Qd7 1/2-1/2

[Event "Mitropa Cup 22nd"]
[Site "Pula"]
[Date "2003.05.22"]
[Round "6"]
[White "Huss, Andreas"]
[Black "Banas, Jan"]
[Result "1/2-1/2"]
[WhiteElo "2347"]
[BlackElo "2383"]
[PlyCount "134"]
[EventDate "2003.05.17"]
[EventType "team-tourn"]
[EventRounds "9"]
[EventCountry "CRO"]
[Source "ChessBase"]
[SourceDate "2003.07.09"]

1. d4 Nf6 2. Nf3 g6 3. c4 Bg7 4. Nc3 d5 5. cxd5 Nxd5 6. e4 Nxc3 7. bxc3 c5 8.
Rb1 O-O 9. Be2 b6 10. O-O Bb7 11. Qd3 Ba6 12. Qe3 Qd7 13. Bxa6 Nxa6 14. Qe2 Nc7
15. Rd1 Qa4 16. Bf4 Ne6 17. Be3 cxd4 18. cxd4 Rac8 19. Rbc1 Rfd8 20. d5 Nc5 21.
e5 Qe4 22. Rc4 Qf5 23. Rf4 Qd7 24. Rxf7 Qb7 25. e6 Rxd5 26. Rxd5 Qxd5 27. Rxe7
Nxe6 28. Rxa7 Rd8 29. h3 Qd1+ 30. Qxd1 Rxd1+ 31. Kh2 b5 32. Re7 Nd8 33. Ng5 Bf6
34. Ra7 Bxg5 35. Bxg5 Ne6 36. Bf6 Rd5 37. Re7 Rd6 38. Be5 Ra6 39. a3 h5 40. Bb2
Nf4 41. Rd7 Ne6 42. Rb7 Nc5 43. Rb8+ Kf7 44. Bd4 Nd7 45. Rb7 Ke6 46. Ra7 Rd6
47. Bc3 Rd5 48. g4 hxg4 49. hxg4 Rd3 50. Ra6+ Kf7 51. Rc6 Rd5 52. Kg3 Ne5 53.
Bxe5 Rxe5 54. Kf4 Rd5 55. Rb6 Rc5 56. f3 g5+ 57. Ke4 Rc4+ 58. Kf5 Rc5+ 59. Ke4
Rc4+ 60. Ke5 Rc5+ 61. Kd6 Rc3 62. Rxb5 Rxa3 63. Rxg5 Rxf3 64. Ke5 Ra3 65. Kf4
Kf6 66. Rb5 Ra4+ 67. Kg3 Ra1 1/2-1/2

[Event "Mitropa Cup 22nd"]
[Site "Pula"]
[Date "2003.05.22"]
[Round "6"]
[White "Kuba, Guenter"]
[Black "Tratar, Marko"]
[Result "1/2-1/2"]
[WhiteElo "2307"]
[BlackElo "2464"]
[PlyCount "44"]
[EventDate "2003.05.17"]
[EventType "team-tourn"]
[EventRounds "9"]
[EventCountry "CRO"]
[Source "ChessBase"]
[SourceDate "2003.07.09"]

1. e4 c5 2. Nf3 e6 3. c3 Nf6 4. e5 Nd5 5. d4 cxd4 6. cxd4 d6 7. a3 Bd7 8. Bd3
Bc6 9. O-O Nd7 10. b4 a6 11. Re1 Rc8 12. Nbd2 Qc7 13. Bb2 Be7 14. Rc1 O-O 15.
Ne4 Rfd8 16. Nfg5 h6 17. exd6 Bxd6 18. Nxf7 Kxf7 19. Ng5+ hxg5 20. Qh5+ Kf8 21.
Qh8+ Kf7 22. Qh5+ Kf8 1/2-1/2

[Event "Mitropa Cup 22nd"]
[Site "Pula"]
[Date "2003.05.22"]
[Round "6"]
[White "Manik, Mikulas"]
[Black "Gallagher, Joseph G"]
[Result "1-0"]
[WhiteElo "2465"]
[BlackElo "2515"]
[PlyCount "179"]
[EventDate "2003.05.17"]
[EventType "team-tourn"]
[EventRounds "9"]
[EventCountry "CRO"]
[Source "ChessBase"]
[SourceDate "2003.07.09"]

1. e4 c5 2. Nf3 d6 3. c3 Nf6 4. Bd3 Bg4 5. Bc2 Nc6 6. d3 e6 7. Nbd2 d5 8. Qe2
Be7 9. h3 Bh5 10. Nf1 Qa5 11. g4 Bg6 12. Ng3 O-O-O 13. O-O Qc7 14. Nh4 c4 15.
Nxg6 hxg6 16. exd5 cxd3 17. Bxd3 Nxd5 18. Kg2 g5 19. Be4 Nf4+ 20. Bxf4 gxf4 21.
Nh1 Rh6 22. f3 Rdh8 23. Nf2 Bc5 24. Rh1 Ne7 25. Rad1 f5 26. Bb1 Nd5 27. Rxd5
exd5 28. Bxf5+ Kb8 29. Nd3 Be3 30. Nb4 Qd8 31. Nc2 Re8 32. Qd1 Rb6 33. b3 Rc6
34. h4 Rxc3 35. g5 d4 36. Bd3 Qd6 37. Rh3 Rec8 38. Qe2 Qc5 39. Ne1 Rc1 40. Bc4
b5 41. Nd3 Qa3 42. Nxc1 bxc4 43. Rh1 d3 44. Nxd3 cxd3 45. Qxd3 Qxa2+ 46. Kh3
Qa5 47. Rd1 Qe5 48. Qg6 Bd4 49. Kg4 Rf8 50. Re1 Be3 51. Rd1 Kc7 52. Rd3 Bc5 53.
Rd2 Bd6 54. Ra2 a5 55. Ra4 Bb4 56. Ra2 Kd7 57. Qd3+ Qd6 58. Qb5+ Qc6 59. Qd3+
Ke7 60. Re2+ Kf7 61. Qh7 Qg6 62. Qxg6+ Kxg6 63. h5+ Kh7 64. Re6 Kg8 65. Ra6 Rb8
66. Ra7 Bd6 67. Rxa5 Rxb3 68. Ra6 Rd3 69. Ra8+ Kf7 70. Ra7+ Be7 71. Kxf4 Rd4+
72. Ke5 Rd8 73. f4 Kf8 74. Kf5 Bd6 75. Kg6 Bxf4 76. Rf7+ Kg8 77. Rxf4 Rd6+ 78.
Kf5 Rd5+ 79. Kg4 Ra5 80. Rb4 Ra8 81. Rb6 Kh8 82. Rb7 Ra4+ 83. Kf5 Ra5+ 84. Kg6
Ra6+ 85. Kf7 Ra8 86. Re7 Kh7 87. Re6 Ra7+ 88. Kf8 Ra5 89. Rh6+ gxh6 90. g6+ 1-0

[Event "Mitropa Cup 22nd"]
[Site "Pula"]
[Date "2003.05.22"]
[Round "6"]
[White "Naumann, Alexander"]
[Black "Sedina, Elena"]
[Result "1/2-1/2"]
[WhiteElo "2524"]
[BlackElo "2434"]
[PlyCount "132"]
[EventDate "2003.05.17"]
[EventType "team-tourn"]
[EventRounds "9"]
[EventCountry "CRO"]
[Source "ChessBase"]
[SourceDate "2003.07.09"]

1. Nf3 d5 2. d4 Nf6 3. c4 c6 4. Nc3 a6 5. c5 Nbd7 6. Bf4 Nh5 7. e3 g6 8. Bd3
Bg7 9. O-O O-O 10. Bg5 Re8 11. e4 dxe4 12. Bxe4 Qc7 13. Bc2 Nf8 14. d5 Nf6 15.
d6 exd6 16. Bf4 Bg4 17. Bxd6 Qc8 18. h3 Bf5 19. Bxf5 Qxf5 20. Qb3 Ne6 21. Qxb7
Nxc5 22. Bxc5 Qxc5 23. Rac1 Ra7 24. Qb3 Rae7 25. Rfd1 Qa7 26. Re1 h6 27. Rxe7
Rxe7 28. Re1 Rxe1+ 29. Nxe1 Qe7 30. Nd3 Ne4 31. Nxe4 Qxe4 32. Qd1 Qd4 33. b3 a5
34. Qc2 Qa1+ 35. Kh2 Qd4 36. g3 h5 37. h4 Bf8 38. Nb2 Bc5 39. Nc4 Qd8 40. Qe2
Bb4 41. Qf3 Qd5 42. Qe2 Kh7 43. Ne3 Qd6 44. Kg2 Kg7 45. Nc4 Qd5+ 46. Kg1 Bc3
47. Ne3 Qe5 48. Qf3 Bb4 49. Kg2 Qb2 50. a4 Qf6 51. Nc4 Qe6 52. Qd3 Qf6 53. Qe4
Bc3 54. Qe3 Bd4 55. Qf3 Bc3 56. Qxf6+ Kxf6 57. Kf3 Ke6 58. Ke4 Be1 59. f3 f5+
60. Kf4 Kf6 61. g4 fxg4 62. fxg4 hxg4 63. Kxg4 Ke6 64. Kg5 Kd5 65. Kxg6 Bxh4
66. Nxa5 Kc5 1/2-1/2

[Event "Mitropa Cup 22nd"]
[Site "Pula"]
[Date "2003.05.22"]
[Round "6"]
[White "Neuman, Petr"]
[Black "Flumbort, Andras"]
[Result "1/2-1/2"]
[WhiteElo "2445"]
[BlackElo "2439"]
[PlyCount "103"]
[EventDate "2003.05.17"]
[EventType "team-tourn"]
[EventRounds "9"]
[EventCountry "CRO"]
[Source "ChessBase"]
[SourceDate "2003.07.09"]

1. c4 c5 2. Nc3 Nc6 3. g3 g6 4. Bg2 Bg7 5. a3 d6 6. Rb1 a5 7. Nf3 e5 8. O-O
Nge7 9. d3 O-O 10. Ne1 Be6 11. Nc2 d5 12. cxd5 Nxd5 13. Ne3 Nde7 14. Ne4 b6 15.
a4 h6 16. Nc4 Ra7 17. b3 f5 18. Ned2 Rd7 19. Re1 Kh7 20. Bb2 e4 21. Bxg7 Kxg7
22. Qc1 exd3 23. e3 Kh7 24. Rd1 Nd5 25. Rb2 Ndb4 26. Qc3 Bd5 27. Nf3 Re8 28.
Rbd2 Bxc4 29. bxc4 Qe7 30. Bf1 Qe4 31. Bg2 Qe7 32. Bf1 Red8 33. Bxd3 Qg7 34.
Qxg7+ Kxg7 35. Be2 Rxd2 36. Rxd2 Rxd2 37. Nxd2 Ne5 38. Kf1 Kf6 39. Nb1 Nf7 40.
Ke1 Nd6 41. f3 g5 42. f4 Ne4 43. Kd1 g4 44. Bf1 h5 45. Bg2 Nd6 46. Bf1 Kg6 47.
Nc3 h4 48. Kd2 hxg3 49. hxg3 Ne4+ 50. Nxe4 fxe4 51. Be2 Kf5 52. Bf1 1/2-1/2

[Event "Mitropa Cup 22nd"]
[Site "Pula"]
[Date "2003.05.22"]
[Round "6"]
[White "Pavasovic, Dusko"]
[Black "Balinov, Ilija"]
[Result "1-0"]
[WhiteElo "2584"]
[BlackElo "2446"]
[PlyCount "49"]
[EventDate "2003.05.17"]
[EventType "team-tourn"]
[EventRounds "9"]
[EventCountry "CRO"]
[Source "ChessBase"]
[SourceDate "2003.07.09"]

1. e4 e5 2. Nf3 Nc6 3. d4 exd4 4. Nxd4 Nf6 5. Nxc6 bxc6 6. e5 Qe7 7. Qe2 Nd5 8.
c4 Ba6 9. b3 g6 10. f4 g5 11. fxg5 Bg7 12. Bb2 O-O 13. Qe4 Qxg5 14. cxd5 Bxe5
15. Bxe5 Rae8 16. h4 Qc1+ 17. Kf2 f6 18. Qg4+ Kh8 19. Bd4 c5 20. Bxa6 Qxh1 21.
Nd2 Qh2 22. Bxc5 Rg8 23. Nf3 Rxg4 24. Nxh2 Rxh4 25. Nf3 1-0